[Event "NATO-ch 22nd"]
[Site "Kaunas"]
[Date "2011.08.11"]
[Round "6.1"]
[White "Haznedaroglu, Kivanc"]
[Black "Malloni, Marcello"]
[Result "1/2-1/2"]
[WhiteElo "2444"]
[BlackElo "2293"]
[PlyCount "97"]
[EventDate "2011.08.??"]
[EventType "swiss"]
[EventRounds "7"]
[EventCountry "LTU"]
[WhiteTeam "TUR"]
[BlackTeam "ITA"]

1. e4 e5 2. Nf3 Nc6 3. Bb5 Nf6 4. O-O Nxe4 5. d4 Nd6 6. dxe5 Nxb5 7. c4 d6 8.
e6 fxe6 9. cxb5 Ne7 10. Nc3 Ng6 11. Qd4 Qf6 12. Qc4 d5 13. Qxc7 Qf7 14. Nxd5
exd5 15. Re1+ Be7 16. Bg5 O-O 17. Bxe7 Re8 18. Bd6 Rxe1+ 19. Rxe1 Qxc7 20. Bxc7
Bd7 21. Nd4 Kf7 22. f3 Rc8 23. Ba5 Re8 24. Rd1 Nf4 25. Kf2 g6 26. a4 a6 27.
bxa6 bxa6 28. b3 h5 29. Rd2 Rc8 30. h4 Rc1 31. Kg3 Ne6 32. Ne2 Rb1 33. Rxd5 Be8
34. Rd6 Ng7 35. Nd4 Rxb3 36. Rxa6 Ra3 37. Ra7+ Kg8 38. Kf4 Rxa4 39. Ke5 Bf7 40.
g4 hxg4 41. fxg4 Ne8 42. Ra8 Kg7 43. g5 Nc7 44. Ra7 Rxd4 45. Bxc7 Rd7 46. Rb7
Bg8 47. Kf4 Kh7 48. Ra7 Bf7 49. Bb6 1/2-1/2

[Event "NATO-ch 22nd"]
[Site "Kaunas"]
[Date "2011.08.11"]
[Round "6.2"]
[White "Kedzierski, Slawomir"]
[Black "Erturan, Yakup"]
[Result "0-1"]
[WhiteElo "2082"]
[BlackElo "2342"]
[PlyCount "54"]
[EventDate "2011.08.??"]
[EventType "swiss"]
[EventRounds "7"]
[EventCountry "LTU"]
[WhiteTeam "POL"]
[BlackTeam "TUR"]

1. d4 Nf6 2. Nf3 g6 3. c4 Bg7 4. Nc3 O-O 5. g3 d6 6. Bg2 Nc6 7. d5 Na5 8. Nd2
c5 9. O-O a6 10. Rb1 Rb8 11. Qc2 b5 12. b3 e6 13. Bb2 e5 14. e4 Nh5 15. Ne2 Bh6
16. Nf3 bxc4 17. bxc4 Rb4 18. Bc3 Rxc4 19. Bxa5 Rxc2 20. Bxd8 Rxd8 21. Nc1 Nf6
22. Nh4 Bd7 23. Re1 Ng4 24. Ne2 Bb5 25. Bf3 Nf6 26. a3 Bd2 27. Red1 g5 0-1

[Event "NATO-ch 22nd"]
[Site "Kaunas"]
[Date "2011.08.11"]
[Round "6.3"]
[White "Wantiez, Fabrice"]
[Black "Rosenkilde, Alexander"]
[Result "0-1"]
[WhiteElo "2357"]
[BlackElo "2235"]
[PlyCount "96"]
[EventDate "2011.08.??"]
[EventType "swiss"]
[EventRounds "7"]
[EventCountry "LTU"]
[WhiteTeam "BEL"]
[BlackTeam "DEN"]

1. e4 c5 2. Nf3 Nc6 3. d4 cxd4 4. Nxd4 Nf6 5. Nc3 e5 6. Ndb5 d6 7. a4 a6 8. Na3
Bg4 9. f3 Be6 10. Bc4 Be7 11. Be3 Rc8 12. O-O O-O 13. Nd5 Bxd5 14. exd5 Nb8 15.
c3 Ne8 16. Qb3 Qd7 17. Be2 f5 18. Rfd1 Kh8 19. c4 a5 20. Qb5 Bd8 21. Rac1 b6
22. Qb3 Na6 23. Nb5 Nc5 24. Qc2 Nc7 25. Na7 Nxd5 26. Rxd5 Qxa7 27. Rxd6 Qc7 28.
Rd5 g6 29. Rcd1 Bf6 30. g4 Bg7 31. Qd2 fxg4 32. Bxc5 bxc5 33. fxg4 e4 34. Qe3
Bxb2 35. Rd7 Qf4 36. Qxf4 Rxf4 37. Rd8+ Rxd8 38. Rxd8+ Kg7 39. Kg2 e3 40. Bf3
Rxc4 41. g5 Rc2+ 42. Kh3 h5 43. Re8 Bd4 44. Re7+ Kf8 45. Re6 Rf2 46. Be4 e2 47.
Bd3 Rf3+ 48. Kh4 Bf2# 0-1

[Event "NATO-ch 22nd"]
[Site "Kaunas"]
[Date "2011.08.11"]
[Round "6.4"]
[White "Jauk, Wilhelm"]
[Black "Vaznonis, Vytautas"]
[Result "1/2-1/2"]
[WhiteElo "2164"]
[BlackElo "2395"]
[PlyCount "33"]
[EventDate "2011.08.??"]
[EventType "swiss"]
[EventRounds "7"]
[EventCountry "LTU"]
[WhiteTeam "GER"]
[BlackTeam "LTU"]

1. d4 d5 2. c4 c6 3. Nc3 e5 4. cxd5 cxd5 5. e3 exd4 6. exd4 Nf6 7. Bd3 Nc6 8.
Nge2 Be7 9. O-O O-O 10. Bf4 Bg4 11. Qb3 Na5 12. Qc2 Bh5 13. Rac1 Rc8 14. Ng3
Bg6 15. Nf5 Nc6 16. Qd1 Qd7 17. Nxe7+ 1/2-1/2

[Event "NATO-ch 22nd"]
[Site "Kaunas"]
[Date "2011.08.08"]
[Round "6.5"]
[White "Kapral, Krzysztof"]
[Black "Drabke, Lorenz Maximilian"]
[Result "1/2-1/2"]
[WhiteElo "2157"]
[BlackElo "2472"]
[PlyCount "56"]
[EventDate "2011.08.??"]
[EventType "swiss"]
[EventRounds "7"]
[EventCountry "LTU"]
[WhiteTeam "POL"]
[BlackTeam "GER"]

1. d4 d5 2. Nf3 Nf6 3. c4 c6 4. e3 Bg4 5. h3 Bh5 6. cxd5 Bxf3 7. Qxf3 cxd5 8.
Bb5+ Nc6 9. Nc3 e6 10. O-O Rc8 11. Bd2 Bd6 12. Rfc1 O-O 13. Bxc6 bxc6 14. e4
Bb4 15. exd5 cxd5 16. a3 Bxc3 17. Bxc3 Qb6 18. Bb4 Rfe8 19. Qd3 Nd7 20. Qd2 Qb5
21. Rxc8 Rxc8 22. Rc1 Rc4 23. b3 Rc6 24. Rxc6 Qxc6 25. Qf4 h6 26. Qd6 Qc1+ 27.
Kh2 Nf6 28. Qf8+ Kh7 1/2-1/2

[Event "NATO-ch 22nd"]
[Site "Kaunas"]
[Date "2011.08.11"]
[Round "6.7"]
[White "Tommasini, Enzo"]
[Black "Pedersen, Finn"]
[Result "0-1"]
[WhiteElo "2154"]
[BlackElo "2279"]
[PlyCount "110"]
[EventDate "2011.08.??"]
[EventType "swiss"]
[EventRounds "7"]
[EventCountry "LTU"]
[WhiteTeam "ITA"]
[BlackTeam "DEN"]

1. d4 d5 2. c4 c6 3. Nf3 Nf6 4. e3 Bf5 5. Nc3 e6 6. Bd3 Bxd3 7. Qxd3 Nbd7 8.
O-O Be7 9. Rd1 O-O 10. e4 dxe4 11. Nxe4 Qc7 12. Bg5 Rad8 13. Nxf6+ Nxf6 14. Qe2
h6 15. Bh4 c5 16. b3 cxd4 17. Nxd4 Qc5 18. Nc2 a6 19. b4 Qc8 20. a3 Rxd1+ 21.
Rxd1 Rd8 22. Rxd8+ Qxd8 23. Bg3 a5 24. Be5 axb4 25. axb4 Qd7 26. f3 Qa4 27. Qd2
Qb3 28. Qc3 Qb1+ 29. Kf2 h5 30. Qb2 Qd1 31. Ne3 Qd3 32. c5 Kf8 33. g3 h4 34.
Bd4 Nh5 35. b5 e5 36. Bxe5 Bxc5 37. Qe2 Qd5 38. Qb2 f6 39. Bc7 Bxe3+ 40. Kxe3
Qc5+ 41. Qd4 Qxc7 42. Qb4+ Qe7+ 43. Qxe7+ Kxe7 44. g4 Ng3 45. hxg3 h3 46. Kf2
Kd6 47. Kg1 Kc5 48. Kh2 Kxb5 49. f4 Kc4 50. f5 b5 51. Kxh3 b4 52. g5 b3 53. Kh4
b2 54. Kh5 b1=Q 55. Kg6 Qc1 0-1

[Event "NATO-ch 22nd"]
[Site "Kaunas"]
[Date "2011.08.11"]
[Round "6.8"]
[White "Lazar, Ales Sr"]
[Black "Andersen, Hans Christoph"]
[Result "0-1"]
[WhiteElo "2150"]
[BlackElo "2211"]
[PlyCount "54"]
[EventDate "2011.08.??"]
[EventType "swiss"]
[EventRounds "7"]
[EventCountry "LTU"]
[WhiteTeam "SLO"]
[BlackTeam "GER"]

1. e4 d5 2. exd5 Qxd5 3. Nc3 Qa5 4. Nf3 Nf6 5. Bb5+ c6 6. Be2 Bg4 7. O-O e6 8.
d3 Nbd7 9. Bf4 Be7 10. a3 O-O 11. h3 Bh5 12. Nd2 Bxe2 13. Qxe2 Nd5 14. Nxd5
cxd5 15. c4 Bf6 16. Rab1 Rfd8 17. b4 Qxa3 18. cxd5 exd5 19. Qf3 Nf8 20. g4 Ne6
21. Rb3 Qa2 22. Rbb1 Nd4 23. Qd1 Re8 24. Be3 Nc2 25. Bc5 Na3 26. Rb3 Nb5 27.
Nf3 Nc3 0-1

[Event "NATO-ch 22nd"]
[Site "Kaunas"]
[Date "2011.08.11"]
[Round "6.9"]
[White "Nill, Oliver"]
[Black "Nielsen, Rene O"]
[Result "1/2-1/2"]
[WhiteElo "2198"]
[BlackElo "2149"]
[PlyCount "40"]
[EventDate "2011.08.??"]
[EventType "swiss"]
[EventRounds "7"]
[EventCountry "LTU"]
[WhiteTeam "GER"]
[BlackTeam "DEN"]

1. c4 e5 2. Nc3 Nc6 3. g3 g6 4. Bg2 Bg7 5. e4 d6 6. Nge2 f5 7. d3 Nf6 8. Nd5
Nxd5 9. cxd5 Ne7 10. O-O O-O 11. Qb3 h6 12. Be3 Kh7 13. Rac1 c6 14. exf5 Bxf5
15. d4 cxd5 16. Qxb7 Rb8 17. Qxa7 Ra8 18. Qb7 Rb8 19. Qa7 Ra8 20. Qb7 Rb8
1/2-1/2

[Event "NATO-ch 22nd"]
[Site "Kaunas"]
[Date "2011.08.11"]
[Round "6.10"]
[White "Nielsen, Jan Mose"]
[Black "Mestek, Igor"]
[Result "1/2-1/2"]
[WhiteElo "2116"]
[BlackElo "2195"]
[PlyCount "41"]
[EventDate "2011.08.??"]
[EventType "swiss"]
[EventRounds "7"]
[EventCountry "LTU"]
[WhiteTeam "DEN"]
[BlackTeam "SLO"]

1. c4 f5 2. g3 Nf6 3. Nc3 e5 4. Bg2 Bc5 5. e3 O-O 6. Nge2 e4 7. d4 exd3 8. Qxd3
d6 9. a3 a5 10. b3 Nc6 11. Bb2 Ne5 12. Qc2 c6 13. h3 Qe7 14. O-O Bd7 15. Rae1
g6 16. Nf4 Qf7 17. Nd3 Ba7 18. Ne2 Rfe8 19. Nd4 Rad8 20. Nc1 Bc8 21. Nd3
1/2-1/2

[Event "NATO-ch 22nd"]
[Site "Kaunas"]
[Date "2011.08.11"]
[Round "6.12"]
[White "Giua, Frederic"]
[Black "Toll, Alec J"]
[Result "1-0"]
[WhiteElo "2235"]
[BlackElo "2070"]
[PlyCount "83"]
[EventDate "2011.08.??"]
[EventType "swiss"]
[EventRounds "7"]
[EventCountry "LTU"]
[WhiteTeam "FRA"]
[BlackTeam "ENG"]

1. Nf3 f5 2. d4 Nf6 3. h3 d6 4. g4 fxg4 5. hxg4 Bxg4 6. Ng5 Bf5 7. Nc3 d5 8. e4
dxe4 9. Qe2 c6 10. Qc4 e6 11. Bh3 Nd5 12. Nxe6 Bxe6 13. Bxe6 Bb4 14. Bd2 Bxc3
15. bxc3 Qd6 16. Bxd5 cxd5 17. Qb5+ Qc6 18. Rb1 O-O 19. Qxb7 Qxb7 20. Rxb7 Nc6
21. Rh5 Rad8 22. Rc7 Rd6 23. Bc1 Rf7 24. Rc8+ Nd8 25. Re5 Rfd7 26. Ba3 Ra6 27.
Be7 Rc6 28. Rxd8+ Rxd8 29. Bxd8 Rxc3 30. Kd2 Rf3 31. Bh4 Ra3 32. Rxd5 Rxa2 33.
Re5 h6 34. Rxe4 g5 35. Bg3 Ra5 36. Re6 h5 37. Re5 Rxe5 38. Bxe5 Kf7 39. f3 Ke6
40. Kd3 h4 41. Ke4 a5 42. d5+ 1-0

[Event "NATO-ch 22nd"]
[Site "Kaunas"]
[Date "2011.08.11"]
[Round "6.13"]
[White "Picart, Laurent"]
[Black "Harwood, Duncan J"]
[Result "1-0"]
[WhiteElo "2094"]
[BlackElo "2180"]
[PlyCount "83"]
[EventDate "2011.08.??"]
[EventType "swiss"]
[EventRounds "7"]
[EventCountry "LTU"]
[WhiteTeam "FRA"]
[BlackTeam "ENG"]

1. d4 Nf6 2. c4 g6 3. Nc3 Bg7 4. e4 d6 5. Be2 O-O 6. Bg5 c5 7. d5 a6 8. a4 Qa5
9. Bd2 Qc7 10. h4 e6 11. h5 exd5 12. exd5 Re8 13. hxg6 hxg6 14. Kf1 Nbd7 15. g4
Nh7 16. Nh3 Ndf6 17. Bf3 Nd7 18. Ng5 Nhf6 19. Nge4 Nxe4 20. Nxe4 Nf6 21. Ng3
Nd7 22. g5 f5 23. Qc2 Ne5 24. Bg2 Qf7 25. Ne2 b6 26. Nf4 Ra7 27. Ne6 Rxe6 28.
dxe6 Bxe6 29. Re1 Bxc4+ 30. Kg1 Bd3 31. Qd1 f4 32. Bc3 f3 33. Bh3 c4 34. Bd4
Rb7 35. Bc8 b5 36. Bxb7 Qxb7 37. axb5 axb5 38. b3 Qc8 39. Bxe5 Bxe5 40. Qxf3
Kg7 41. Rxe5 Qd8 42. Qb7+ 1-0

[Event "NATO-ch 22nd"]
[Site "Kaunas"]
[Date "2011.08.11"]
[Round "6.14"]
[White "Hernandez, Albertryan"]
[Black "Papista, Akos"]
[Result "0-1"]
[WhiteElo "2072"]
[BlackElo "2158"]
[PlyCount "62"]
[EventDate "2011.08.??"]
[EventType "swiss"]
[EventRounds "7"]
[EventCountry "LTU"]
[WhiteTeam "USA"]
[BlackTeam "HUN"]

1. d4 d5 2. Nf3 c6 3. g3 Bg4 4. Bg2 Nd7 5. O-O e6 6. c4 Ngf6 7. Nc3 dxc4 8. a4
Bb4 9. Nd2 Nb6 10. a5 Nbd5 11. a6 b5 12. Nde4 Nxe4 13. Nxe4 O-O 14. Bd2 Be7 15.
h3 Bh5 16. g4 Bg6 17. Qc1 Bxe4 18. Bxe4 f5 19. Bg2 Qb6 20. e3 Rac8 21. Rd1 Nb4
22. Bxb4 Bxb4 23. gxf5 Rxf5 24. Qc2 Rcf8 25. Rf1 c5 26. dxc5 Bxc5 27. Qe4 Rxf2
28. Rfe1 Rxb2 29. Rad1 c3 30. Rd7 Rff2 31. Qe5 Rxg2+ 0-1

[Event "NATO-ch 22nd"]
[Site "Kaunas"]
[Date "2011.08.11"]
[Round "6.15"]
[White "Zengin, Sedat"]
[Black "Kersic, Matej"]
[Result "0-1"]
[WhiteElo "2064"]
[BlackElo "2128"]
[PlyCount "84"]
[EventDate "2011.08.??"]
[EventType "swiss"]
[EventRounds "7"]
[EventCountry "LTU"]
[WhiteTeam "TUR"]
[BlackTeam "SLO"]

1. e4 c5 2. Nf3 d6 3. d4 cxd4 4. Nxd4 Nf6 5. Nc3 a6 6. Be3 e5 7. Nb3 Be6 8. f3
Be7 9. Qd2 O-O 10. O-O-O Nbd7 11. g4 b5 12. g5 b4 13. Nd5 Nxd5 14. exd5 Bf5 15.
Rg1 a5 16. Bd3 Bg6 17. Bxg6 fxg6 18. Qg2 Nb6 19. Qg4 Rf5 20. Nd2 Rc8 21. Bxb6
Qxb6 22. Nc4 Qc5 23. b3 Bxg5+ 24. Kb1 Be3 25. Rge1 Bd4 26. Rxd4 exd4 27. Qe4
Qxd5 28. Qxd5+ Rxd5 29. Nb6 Rcc5 30. Nxd5 Rxd5 31. Kc1 Kf7 32. Kd2 Re5 33. Ra1
Rh5 34. a3 Rxh2+ 35. Kd3 Rf2 36. axb4 axb4 37. Ra7+ Kf6 38. Rc7 Rxf3+ 39. Kxd4
g5 40. Rc8 Rf4+ 41. Ke3 Rh4 42. Rf8+ Ke5 0-1

[Event "NATO-ch 22nd"]
[Site "Kaunas"]
[Date "2011.08.11"]
[Round "6.16"]
[White "Bieluszewski, Piotr"]
[Black "Cheung, Jan W"]
[Result "1-0"]
[WhiteElo "2120"]
[BlackElo "2024"]
[PlyCount "111"]
[EventDate "2011.08.??"]
[EventType "swiss"]
[EventRounds "7"]
[EventCountry "LTU"]
[WhiteTeam "POL"]
[BlackTeam "NED"]

1. e4 c5 2. Nf3 d6 3. d4 cxd4 4. Nxd4 Nf6 5. Nc3 Nc6 6. Bg5 e6 7. Qd2 a6 8.
O-O-O Bd7 9. Kb1 h6 10. Be3 Be7 11. f3 h5 12. h4 Rc8 13. Qf2 Ne5 14. Nb3 Nc4
15. Bxc4 Rxc4 16. Bb6 Qb8 17. Na5 Rc8 18. Qg3 g6 19. Rd3 Bc6 20. Rhd1 O-O 21.
Bd4 e5 22. Be3 Qc7 23. Nxc6 bxc6 24. Bg5 Rfd8 25. Qf2 Ne8 26. g4 Bxg5 27. hxg5
Ng7 28. f4 Qe7 29. gxh5 Nxh5 30. f5 Qxg5 31. fxg6 fxg6 32. Rg1 Qf6 33. Qb6 Qe6
34. Qxa6 Nf4 35. Rd2 Rc7 36. Rh2 Kg7 37. Qb6 Qc8 38. Rgh1 Nh5 39. Qg1 Kf6 40.
Rxh5 gxh5 41. Qf2+ Ke7 42. Qh4+ Kd7 43. Qxh5 Re8 44. Qf5+ Kd8 45. Qf6+ Rce7 46.
Qxd6+ Rd7 47. Qc5 Qb7 48. a4 Kc8 49. Nb5 Red8 50. Rh6 Kb8 51. Rxc6 Rc8 52.
Qxe5+ Ka8 53. Rd6 Re7 54. Qf6 Qxe4 55. Ra6+ Kb8 56. Qd6+ 1-0

[Event "NATO-ch 22nd"]
[Site "Kaunas"]
[Date "2011.08.11"]
[Round "6.17"]
[White "Pazeriene, Diana"]
[Black "Onley, David"]
[Result "1/2-1/2"]
[WhiteElo "2037"]
[BlackElo "2105"]
[PlyCount "118"]
[EventDate "2011.08.??"]
[EventType "swiss"]
[EventRounds "7"]
[EventCountry "LTU"]
[WhiteTeam "LTU"]
[BlackTeam "ENG"]

1. d4 Nf6 2. c4 g6 3. Nc3 Bg7 4. e4 d6 5. Nf3 O-O 6. Be2 e5 7. O-O Nc6 8. Re1
Bg4 9. d5 Bxf3 10. Bxf3 Nd4 11. Be3 c5 12. dxc6 bxc6 13. Bxd4 exd4 14. Qxd4 Nd5
15. Qd2 Nxc3 16. bxc3 Qa5 17. Rac1 Be5 18. Be2 Qc5 19. Bd3 Rab8 20. Rb1 Qa3 21.
Rec1 Rxb1 22. Rxb1 Bxc3 23. Qc2 Bd4 24. g3 Qc5 25. Kg2 a5 26. h4 Qa7 27. Qe2
Rb8 28. Rxb8+ Qxb8 29. h5 a4 30. hxg6 hxg6 31. Qc2 a3 32. c5 Bxc5 33. Bc4 Qb2
34. Bb3 Bd4 35. Kf1 c5 36. Qe2 Kf8 37. Bd5 Ke7 38. Qf3 f6 39. Qe2 Kd7 40. Bb3
Kc7 41. Qc2 Kb6 42. Qxb2 axb2 43. Bc2 Kb5 44. f3 Kc4 45. Ke2 Kc3 46. Bb1 c4 47.
g4 g5 48. Kd1 Be5 49. Ke2 Kd4 50. Kd2 Bf4+ 51. Ke2 Kc3 52. Kd1 Bg3 53. Ke2 Kd4
54. Kd2 c3+ 55. Ke2 Bf4 56. Bc2 Kc4 57. Bb1 Kb4 58. Kd3 Be5 59. Bc2 Ka3 1/2-1/2

[Event "NATO-ch 22nd"]
[Site "Kaunas"]
[Date "2011.08.11"]
[Round "6.18"]
[White "Mankauskas, Donatas"]
[Black "Tucker, David Sidney"]
[Result "1/2-1/2"]
[WhiteElo "1958"]
[BlackElo "2096"]
[PlyCount "54"]
[EventDate "2011.08.??"]
[EventType "swiss"]
[EventRounds "7"]
[EventCountry "LTU"]
[WhiteTeam "LTU"]
[BlackTeam "ENG"]

1. d4 Nf6 2. c4 c5 3. d5 b5 4. e3 b4 5. b3 g6 6. Bb2 Bg7 7. Nf3 O-O 8. Bd3 d6
9. O-O a5 10. a4 Nbd7 11. Nbd2 Ng4 12. Bxg7 Kxg7 13. e4 Nde5 14. Bc2 f5 15. h3
Nxf3+ 16. Nxf3 Nh6 17. e5 dxe5 18. Nxe5 Nf7 19. Qe2 Nxe5 20. Qxe5+ Rf6 21. Rfe1
Kf7 22. Qe3 Qd6 23. Qh6 Kg8 24. Rad1 Bd7 25. Re2 Raf8 26. Qe3 R8f7 27. Qe5 Qxe5
1/2-1/2

[Event "NATO-ch 22nd"]
[Site "Kaunas"]
[Date "2011.08.11"]
[Round "6.19"]
[White "Dekker, Ard"]
[Black "Sypien, Mateusz"]
[Result "0-1"]
[WhiteElo "1889"]
[BlackElo "2283"]
[PlyCount "80"]
[EventDate "2011.08.??"]
[EventType "swiss"]
[EventRounds "7"]
[EventCountry "LTU"]
[WhiteTeam "NED"]
[BlackTeam "POL"]

1. d4 Nf6 2. c4 g6 3. Nc3 Bg7 4. e3 O-O 5. Nf3 d6 6. Be2 Nbd7 7. O-O e5 8. d5
a5 9. e4 Nc5 10. Qc2 Nh5 11. Ne1 Nf4 12. Nd3 Ncxd3 13. Bxd3 f5 14. Bxf4 exf4
15. f3 fxe4 16. Nxe4 Bd4+ 17. Kh1 Qh4 18. Nf2 Bd7 19. Rae1 Rae8 20. Re4 Be3 21.
g4 b6 22. Nd1 Rxe4 23. Bxe4 Bd4 24. b3 Kg7 25. Nf2 Rd8 26. Kg2 Qf6 27. Qd3 Rh8
28. Rg1 Be3 29. Kf1 a4 30. Kg2 Kf7 31. Rh1 h5 32. Nd1 Bc5 33. h3 Rg8 34. Rh2
Qh4 35. Qf1 axb3 36. axb3 Ra8 37. Kh1 Ra1 38. gxh5 gxh5 39. Bc2 Qg3 40. b4 Bd4
0-1

[Event "NATO-ch 22nd"]
[Site "Kaunas"]
[Date "2011.08.11"]
[Round "6.20"]
[White "Oltean, Gusztav"]
[Black "Narman, Gokhan"]
[Result "0-1"]
[WhiteElo "2118"]
[BlackElo "2057"]
[PlyCount "82"]
[EventDate "2011.08.??"]
[EventType "swiss"]
[EventRounds "7"]
[EventCountry "LTU"]
[WhiteTeam "HUN"]
[BlackTeam "TUR"]

1. Nf3 c5 2. c4 Nc6 3. d4 cxd4 4. Nxd4 g6 5. Nc3 Bg7 6. Nb3 Nf6 7. c5 b6 8.
cxb6 axb6 9. g3 Bb7 10. Bg2 Na5 11. Bxb7 Nxb7 12. O-O O-O 13. Bf4 d6 14. Qd2
Qd7 15. Kg2 Rfd8 16. Rfd1 Nc5 17. Nxc5 bxc5 18. a4 Qb7+ 19. f3 Qb4 20. Bg5 Rdb8
21. Rab1 Rb7 22. Bxf6 Bxf6 23. Nd5 Qd4 24. Qc2 Qe5 25. f4 Qe6 26. b4 Bd4 27. e4
Rab8 28. bxc5 Rb2 29. Rxb2 Rxb2 30. Qxb2 Qxe4+ 31. Kh3 Bxb2 32. c6 Qc4 33. c7
Kg7 34. Rb1 e6 35. Nb6 Qxc7 36. Rxb2 Qc1 37. Rb4 Qf1+ 38. Kg4 h6 39. a5 f6 40.
Kh4 g5+ 41. fxg5 hxg5+ 0-1

[Event "NATO-ch 22nd"]
[Site "Kaunas"]
[Date "2011.08.11"]
[Round "6.21"]
[White "Bucholtz, Robert"]
[Black "Szczesniak, Andrzej"]
[Result "1-0"]
[WhiteElo "2112"]
[BlackElo "2050"]
[PlyCount "63"]
[EventDate "2011.08.??"]
[EventType "swiss"]
[EventRounds "7"]
[EventCountry "LTU"]
[WhiteTeam "USA"]
[BlackTeam "POL"]

1. Nf3 c5 2. c4 Nf6 3. d4 cxd4 4. Nxd4 e5 5. Nb5 d5 6. cxd5 Bc5 7. e3 O-O 8.
N5c3 e4 9. a3 Qe7 10. b4 Bb6 11. Qb3 Rd8 12. Nd2 Bf5 13. Bb2 Nbd7 14. Nc4 Rac8
15. Nb5 Bg6 16. Nxb6 Nxb6 17. d6 Qe6 18. Qxe6 fxe6 19. Nxa7 Rc2 20. Be5 Nbd7
21. Bg3 Nh5 22. Bh4 Nhf6 23. Kd1 Rc3 24. Kd2 Rd3+ 25. Bxd3 exd3 26. f3 Ne5 27.
Rac1 Rxd6 28. Rc8+ Kf7 29. Bg3 Ra6 30. Bxe5 Rxa7 31. Bxf6 Kxf6 32. Ra1 1-0

[Event "NATO-ch 22nd"]
[Site "Kaunas"]
[Date "2011.08.11"]
[Round "6.22"]
[White "Vuitton, Gilles"]
[Black "Sari, Serdar"]
[Result "0-1"]
[WhiteElo "2094"]
[BlackElo "2032"]
[PlyCount "86"]
[EventDate "2011.08.??"]
[EventType "swiss"]
[EventRounds "7"]
[EventCountry "LTU"]
[WhiteTeam "FRA"]
[BlackTeam "TUR"]

1. c4 Nf6 2. Nc3 b6 3. e4 Bb7 4. e5 Ne4 5. Nf3 e6 6. d3 Nxc3 7. bxc3 c5 8. Be2
d6 9. O-O Nd7 10. Bf4 Qc7 11. d4 Rd8 12. Qc2 cxd4 13. cxd4 dxe5 14. Nxe5 Bd6
15. Qc3 Bxe5 16. dxe5 h6 17. Rfd1 Nc5 18. Rxd8+ Qxd8 19. Qg3 g5 20. Be3 Ne4 21.
Qh3 Qc7 22. Bd4 Ke7 23. Qe3 Rd8 24. f3 Nc5 25. Rd1 Nd7 26. h4 Rg8 27. h5 Qc6
28. Bf1 g4 29. f4 g3 30. Bb2 Rg4 31. Rd6 Qe4 32. Qxe4 Bxe4 33. Bc1 Nc5 34. Be2
Rh4 35. f5 exf5 36. Bxh6 Rh2 37. Bg5+ Kf8 38. Bf6 Ne6 39. Bf3 Bxf3 40. gxf3 f4
41. Rc6 Ke8 42. Rc8+ Kd7 43. Rh8 Kc7 0-1

[Event "NATO-ch 22nd"]
[Site "Kaunas"]
[Date "2011.08.11"]
[Round "6.23"]
[White "Franck, Boris"]
[Black "Koopmeiners, Karl"]
[Result "1-0"]
[WhiteElo "2090"]
[BlackElo "2022"]
[PlyCount "43"]
[EventDate "2011.08.??"]
[EventType "swiss"]
[EventRounds "7"]
[EventCountry "LTU"]
[WhiteTeam "FRA"]
[BlackTeam "NATO"]

1. e4 c6 2. d4 d5 3. exd5 cxd5 4. Nf3 Nf6 5. Be2 Nc6 6. O-O Bf5 7. c3 e6 8. Qb3
Qc7 9. Bf4 Qc8 10. Na3 a6 11. Ne5 Be7 12. Rfd1 Nxe5 13. dxe5 Ne4 14. c4 Bxa3
15. Qxa3 Qc5 16. Qe3 Qb4 17. f3 g5 18. Bxg5 Nxg5 19. Qxg5 Qxb2 20. cxd5 Qxe5
21. d6 f6 22. Qg7 1-0

[Event "NATO-ch 22nd"]
[Site "Kaunas"]
[Date "2011.08.11"]
[Round "6.24"]
[White "Skwarczynski, Marcin"]
[Black "Maciokas, Kostas"]
[Result "1-0"]
[WhiteElo "2011"]
[BlackElo "2079"]
[PlyCount "133"]
[EventDate "2011.08.??"]
[EventType "swiss"]
[EventRounds "7"]
[EventCountry "LTU"]
[WhiteTeam "NATO"]
[BlackTeam "LTU"]

1. e4 e5 2. Nf3 Nc6 3. Bc4 Nf6 4. Qe2 Be7 5. O-O O-O 6. d3 d6 7. h3 Na5 8. c3
Nxc4 9. dxc4 b6 10. Re1 h6 11. Nbd2 Nh7 12. Nf1 f5 13. exf5 Bxf5 14. Be3 Qd7
15. Rad1 Qc6 16. N1h2 Rf7 17. Nd2 Raf8 18. f3 Bh4 19. Rf1 Ng5 20. Bxg5 Bxg5 21.
Ng4 Qd7 22. Ne4 Bf4 23. Ngf2 h5 24. Nd3 Bg6 25. c5 d5 26. Nxf4 Rxf4 27. cxb6
axb6 28. Nf2 Qd6 29. Rfe1 R4f5 30. Nd3 Re8 31. Nb4 Qc5+ 32. Qe3 d4 33. Qf2 dxc3
34. bxc3 Qxc3 35. Nd5 Qc4 36. Ne3 Qc5 37. Nxf5 Qxf2+ 38. Kxf2 Bxf5 39. g4 hxg4
40. hxg4 Bc8 41. Rd5 e4 42. Rd4 Bb7 43. fxe4 c5 44. Rd2 Bxe4 45. Kg3 Bc6 46.
Rxe8+ Bxe8 47. Kf4 Kf7 48. Rd6 b5 49. a3 b4 50. axb4 cxb4 51. Rb6 Ba4 52. Rxb4
Bc2 53. Kg5 Bd3 54. Rb7+ Kf8 55. Rd7 Bc2 56. Kh5 Be4 57. Rd4 Bc2 58. g5 g6+ 59.
Kh6 Bf5 60. Rb4 Kf7 61. Kh7 Kf8 62. Rb6 Bd3 63. Rf6+ Ke7 64. Kg7 Bc2 65. Rxg6
Bxg6 66. Kxg6 Kf8 67. Kh7 1-0

[Event "NATO-ch 22nd"]
[Site "Kaunas"]
[Date "2011.08.11"]
[Round "6.25"]
[White "Berrak, Sedat"]
[Black "Dawson, David"]
[Result "1/2-1/2"]
[WhiteElo "2078"]
[BlackElo "2000"]
[PlyCount "50"]
[EventDate "2011.08.??"]
[EventType "swiss"]
[EventRounds "7"]
[EventCountry "LTU"]
[WhiteTeam "TUR"]
[BlackTeam "ENG"]

1. c4 e6 2. Nf3 b6 3. g3 Bb7 4. Bg2 f5 5. O-O Nf6 6. Nc3 Be7 7. d4 c6 8. Qd3 d5
9. Bf4 Ba6 10. Qe3 Ng4 11. Qc1 Bxc4 12. Bxb8 Rxb8 13. h3 Nf6 14. Ne5 Rc8 15.
Nxc4 dxc4 16. e3 O-O 17. Ne2 b5 18. a4 a6 19. axb5 axb5 20. b3 cxb3 21. Qb2 Nd5
22. Qxb3 Ra8 23. Rxa8 Qxa8 24. Nf4 Kf7 25. Nd3 Bd6 1/2-1/2

[Event "NATO-ch 22nd"]
[Site "Kaunas"]
[Date "2011.08.11"]
[Round "6.26"]
[White "Maes, Patrick"]
[Black "Geroly, Jozsef"]
[Result "1-0"]
[WhiteElo "2068"]
[BlackElo "1978"]
[PlyCount "109"]
[EventDate "2011.08.??"]
[EventType "swiss"]
[EventRounds "7"]
[EventCountry "LTU"]
[WhiteTeam "BEL"]
[BlackTeam "HUN"]

1. e4 g6 2. d4 Bg7 3. f4 d6 4. c3 a6 5. Nf3 Nd7 6. Bd3 c5 7. O-O b5 8. e5 dxe5
9. fxe5 e6 10. Ng5 Nh6 11. Qf3 O-O 12. Qxa8 cxd4 13. cxd4 Qb6 14. Qe4 Bb7 15.
Qe2 Nxe5 16. Be3 Nhg4 17. Nd2 Nxe3 18. Qxe3 Ng4 19. Qe2 Bxd4+ 20. Kh1 Nf2+ 21.
Rxf2 Bxf2 22. Rf1 Bd4 23. Ndf3 Bg7 24. Qf2 Qxf2 25. Rxf2 Rd8 26. Ne1 Rd7 27.
Re2 h6 28. Ngf3 Bd5 29. b3 Bc3 30. Bc2 Kg7 31. Kg1 Rc7 32. Nd3 f6 33. Nf4 Bxf3
34. Nxe6+ Kf7 35. Nd8+ Kg8 36. gxf3 Kh7 37. Ne6 Rf7 38. Nf4 f5 39. Re6 Ra7 40.
Bd3 Rd7 41. Bf1 Bd2 42. Nd3 Rc7 43. Rxa6 Be3+ 44. Kg2 Rc2+ 45. Kh3 g5 46. a4 h5
47. axb5 Bg1 48. Bg2 f4 49. b6 g4+ 50. fxg4 hxg4+ 51. Kxg4 Rxg2+ 52. Kf3 Rg7
53. Ra7 Bxb6 54. Rxg7+ Kxg7 55. Nxf4 {and white won} 1-0

[Event "NATO-ch 22nd"]
[Site "Kaunas"]
[Date "2011.08.11"]
[Round "6.27"]
[White "Patron, Pascal"]
[Black "Pirs, Matjaz2"]
[Result "1-0"]
[WhiteElo "1997"]
[BlackElo "2066"]
[PlyCount "79"]
[EventDate "2011.08.??"]
[EventType "swiss"]
[EventRounds "7"]
[EventCountry "LTU"]
[WhiteTeam "NATO"]
[BlackTeam "SLO"]

1. e4 Nf6 2. Nc3 e5 3. Bc4 Nc6 4. Nge2 Bc5 5. O-O d6 6. h3 Be6 7. d3 d5 8. Bb5
Qd6 9. Ng3 O-O-O 10. exd5 Bxd5 11. Nxd5 Qxd5 12. Bc4 Qd7 13. Bg5 Rdf8 14. a3
Ne8 15. c3 Nd6 16. Bd5 Ne7 17. Bxe7 Qxe7 18. b4 Bb6 19. Re1 c6 20. Bf3 f5 21.
Qe2 Re8 22. c4 f4 23. Ne4 Nxe4 24. Qxe4 Bd4 25. Ra2 Kb8 26. b5 cxb5 27. Rb1 a6
28. cxb5 a5 29. b6 Rc8 30. Re2 Qf7 31. Rb5 Bc3 32. Rxa5 Rc6 33. Rb5 Bd4 34. a4
Re8 35. Rb4 Bxb6 36. a5 Bxa5 37. Qxc6 Bxb4 38. Qb5 Bd6 39. Rb2 Re7 40. Bd5 1-0